Ciencias Sociales en América Latina y el Caribe 2001-2001 /
সংরক্ষণ করুন:
| সংস্থা লেখক: | , |
|---|---|
| বিন্যাস: | পাঠ্য |
| প্রকাশিত: |
Buenos Aires:
CENEDIC. CLACSO
|
| ট্যাগগুলো: |
ট্যাগ যুক্ত করুন
কোনো ট্যাগ নেই, প্রথমজন হিসাবে ট্যাগ করুন!
|
MARC
| LEADER | 00000 a a2200000 04500 | ||
|---|---|---|---|
| 001 | 29849 | ||
| 003 | |||
| 040 | |||
| 020 | |a 950-9231-82-7 | ||
| 090 | |a 194113 |b RECURSO ELECTRONICO | ||
| 110 | |a CLACSO | ||
| 245 | |a Ciencias Sociales en América Latina y el Caribe 2001-2001 / |c CLACSO | ||
| 260 | |a Buenos Aires: |b CENEDIC. CLACSO | ||
| 500 | |a También impreso No. de acceso 149300-0Debe ser instaladoTambién impreso No. de acceso 149300-0Debe ser instalado | ||
| 710 | |a ASDI | ||
| 999 | |c 12256 |d 12256 | ||



